00765nam a22002057a 450000500170000001000150001702000260003203500130005803700130007108200120008410000230009624500970011926000330021627000700024930000220031950000500034194200260039199900170041795201250043420150625105559.0 aENG-112994 a9789382420378c750.00 aEN-96526 bDBAD/PUB a881.914 aGupta, Poonam Rani aIndianness of two Indian poets : cby Poonam Rani GuptabNissim Ezekiel and A.K. Ramanujan / bKunal Booksc2013aNew Delhi b New Delhie110002a4648/21, First Floor, Ansari Road, Daryaganj, ax,216p.c23cm(Hb) aIncludes bibliographical references and index 2ddccENmGUPh881.914 c93631d93631 001040718NFICaDBADbDBADd2015-05-15eDBAD/PUBg750.00l0o881.914 GUPpEN-96526r2015-05-15 00:00:00t1v750.00yEN